[Event "Hamar CC-ch"]
[Site "Hamar"]
[Date "2020.02.21"]
[Round "4"]
[White "Tostibakken, Odd N"]
[Black "Dahl, Lars Havard Skugger"]
[Result "0-1"]
[WhiteElo "1438"]
[BlackElo "1504"]
[PlyCount "94"]
[EventDate "2020.01.02"]
[EventType "swiss"]
[EventRounds "5"]
[EventCountry "NOR"]
[SourceTitle "EXT 2024"]
[Source "ChessBase"]
[SourceDate "2023.10.10"]
[SourceVersion "1"]
[SourceVersionDate "2023.10.10"]
[SourceQuality "1"]

1. d4 d5 2. c4 e6 3. Nc3 Nf6 4. Bg5 Nbd7 5. e3 c6 6. Nf3 Qa5 7. Bd3 dxc4 8. Bxc4 Ne4 9. Qa4 Qxa4 10. Nxa4 Nxg5 11. Nxg5 b5 12. Bb3 bxa4 13. Bxa4 Bb7 14. 0-0 Be7 15. Nf3 0-0 16. Rfc1 Rac8 17. Rab1 Nb6 18. Bd1 c5 19. dxc5 Bxc5 20. Ne5 Bd6 21. Nf3 Be4 22. Ra1 Nc4 23. b3 Na3 24. Nd4 e5 25. Nf3 Bb4 26. Ng5 Bg6 27. Bg4 Bc3 28. Bxc8 Bxa1 29. Rc7 Nb5 30. Rc5 h6 31. Nf3 e4 32. Nh4 Bh7 33. Bd7 Nc3 34. g4 Nxa2 35. Ra5 Bf6 36. Ng2 Nc3 37. Rxa7 Rd8 38. Nf4 Be5 39. Ng2 Rb8 40. Nf4 Bxf4 41. exf4 Ne2+ 42. Kf1 Nxf4 43. Ra3 g5 44. Bc6 Rb6 45. Ba4 Kg7 46. Ra2 Nd3 47. Ke2 Nc1+ 0-1

[Event "Hamar Ridabu School A"]
[Site "Hamar"]
[Date "2019.11.21"]
[Round "6"]
[White "Tostibakken, Odd N"]
[Black "Hoel, Ole"]
[Result "0-1"]
[WhiteElo "1419"]
[BlackElo "1794"]
[PlyCount "102"]
[EventDate "2019.09.05"]
[EventType "swiss"]
[EventRounds "7"]
[EventCountry "NOR"]
[SourceTitle "EXT 2024"]
[Source "ChessBase"]
[SourceDate "2023.10.10"]
[SourceVersion "1"]
[SourceVersionDate "2023.10.10"]
[SourceQuality "1"]

1. d4 Nf6 2. c4 e6 3. Nc3 d5 4. Bg5 Nbd7 5. e3 c6 6. Nf3 Bb4 7. Bd3 Qa5 8. Qc2 dxc4 9. Bxc4 Nd5 10. Bxd5 exd5 11. 0-0 0-0 12. a3 Bd6 13. Bh4 f5 14. Bg3 Bxg3 15. hxg3 Nf6 16. b4 Qd8 17. b5 Qe8 18. bxc6 bxc6 19. Na4 Ng4 20. Rfc1 Rf6 21. Nc5 Rh6 22. Kf1 Rb8 23. Ke2 Rb5 24. Nd3 Ba6 25. Kd2 Rb6 26. Rh1 Rxh1 27. Rxh1 Qe4 28. Nc5 Qxc2+ 29. Kxc2 Nxf2 30. Rh5 g6 31. Rh4 Ng4 32. Nd7 Nxe3+ 33. Kc3 Rb1 34. Nf6+ Kg7 35. Ne8+ Kf8 36. Nc7 Be2 37. Rxh7 Nc4 38. Ne6+ Ke8 39. Rxa7 Bd1 40. Nd2 Rc1+ 41. Kd3 Rc2 42. Nxc4 dxc4+ 43. Ke3 Re2+ 44. Kf4 Rxe6 45. Rb7 c3 46. Rb8+ Kd7 47. Rb7+ Kd6 48. Rb1 Ba4 49. Rb4 c2 50. Rc4 Kd5 51. Rc3 Kxd4 0-1

[Event "Hamar Ridabu School A"]
[Site "Hamar"]
[Date "2019.10.17"]
[Round "4"]
[White "Madagov, Ibragim"]
[Black "Tostibakken, Odd N"]
[Result "1/2-1/2"]
[WhiteElo "1557"]
[BlackElo "1419"]
[PlyCount "104"]
[EventDate "2019.09.05"]
[EventType "swiss"]
[EventRounds "7"]
[EventCountry "NOR"]
[SourceTitle "EXT 2024"]
[Source "ChessBase"]
[SourceDate "2023.10.10"]
[SourceVersion "1"]
[SourceVersionDate "2023.10.10"]
[SourceQuality "1"]

1. e4 c6 2. Nc3 d5 3. Nf3 dxe4 4. Nxe4 Nf6 5. Nxf6+ exf6 6. d4 Be7 7. Bd3 Bg4 8. c3 Qd5 9. Be3 Nd7 10. Qd2 Bxf3 11. gxf3 Qxf3 12. Rg1 g6 13. Be2 Qd5 14. Bd1 c5 15. Ba4 cxd4 16. 0-0-0 0-0 17. Bb3 Qc6 18. Bxd4 Rfd8 19. Qh6 Bf8 20. Bxf7+ Kh8 21. Qh4 Kg7 22. Qh5 Qe4 23. Be3 Kxf7 24. Qxh7+ Bg7 25. Bh6 Rg8 26. Rxd7+ Ke6 27. Rxg7 Rxg7 28. Qxg7 g5 29. Qc7 Rh8 30. Bg7 Re8 31. Rd1 Kf5 32. Bh6 Qf4+ 33. Qxf4+ Kxf4 34. Rd7 Rh8 35. Bxg5+ fxg5 36. Rxb7 Rxh2 37. Rxa7 Kf3 38. c4 Kxf2 39. Rg7 Rh4 40. b3 g4 41. c5 g3 42. c6 Rh6 43. Rf7+ Kg1 44. c7 Rh8 45. Rd7 Rc8 46. b4 g2 47. b5 Kf2 48. Rf7+ Ke2 49. Re7+ Kf2 50. Rf7+ Ke2 51. Re7+ Kf2 52. Rf7+ Ke2 1/2-1/2

[Event "Hamar CC-ch A"]
[Site "Hamar"]
[Date "2019.04.25"]
[Round "7"]
[White "Tostibakken, Odd N"]
[Black "Madagov, Ibragim"]
[Result "1/2-1/2"]
[WhiteElo "1410"]
[BlackElo "1541"]
[PlyCount "105"]
[EventDate "2019.02.21"]
[EventType "swiss"]
[EventRounds "9"]
[EventCountry "NOR"]
[SourceTitle "EXT 2024"]
[Source "ChessBase"]
[SourceDate "2023.10.10"]
[SourceVersion "1"]
[SourceVersionDate "2023.10.10"]
[SourceQuality "1"]

1. e4 e5 2. Nf3 Nc6 3. Bb5 a6 4. Ba4 d6 5. d4 b5 6. Bb3 Nxd4 7. Nxd4 exd4 8. Bd5 Rb8 9. Qxd4 Bd7 10. a3 Nf6 11. 0-0 Be7 12. Nd2 0-0 13. Ba2 Nh5 14. Nf3 Bf6 15. e5 dxe5 16. Nxe5 Be6 17. Qxd8 Rbxd8 18. Bxe6 fxe6 19. Ng4 Rd6 20. Nxf6+ gxf6 21. Be3 Rd5 22. Rfd1 Rfd8 23. Rxd5 Rxd5 24. Rc1 Ng7 25. Kf1 Nf5 26. Ke2 Kf7 27. c4 bxc4 28. Rxc4 Nxe3 29. Rxc7+ Kg6 30. Kxe3 Rd6 31. b4 h5 32. a4 Rb6 33. Rc4 Kf5 34. Rc5+ e5 35. b5 axb5 36. Rxb5 Ra6 37. a5 h4 38. f4 Rc6 39. fxe5 fxe5 40. Kd3 Rc1 41. g3 h3 42. g4+ Kxg4 43. Rxe5 Rh1 44. Re4+ Kf3 45. Re3+ Kg4 46. Re4+ Kf3 47. Re3+ Kg4 48. Re2 Ra1 49. Re5 Ra2 50. Re4+ Kf5 51. Rh4 Kg5 52. Rxh3 Ra3+ 53. Kc4 1/2-1/2

[Event "Hamar CC-ch A"]
[Site "Hamar"]
[Date "2019.03.28"]
[Round "5"]
[White "Tostibakken, Odd N"]
[Black "Dahl, Lars Havard Skugger"]
[Result "1-0"]
[WhiteElo "1410"]
[BlackElo "1321"]
[PlyCount "51"]
[EventDate "2019.02.21"]
[EventType "swiss"]
[EventRounds "9"]
[EventCountry "NOR"]
[SourceTitle "EXT 2024"]
[Source "ChessBase"]
[SourceDate "2023.10.10"]
[SourceVersion "1"]
[SourceVersionDate "2023.10.10"]
[SourceQuality "1"]

1. e4 c5 2. c3 Nf6 3. e5 Nd5 4. Nf3 Nc6 5. Be2 e6 6. 0-0 Be7 7. d4 0-0 8. c4 Nb6 9. d5 Na5 10. d6 Naxc4 11. dxe7 Qxe7 12. b3 Na5 13. Bg5 Qe8 14. Nc3 f6 15. Bh4 fxe5 16. Nxe5 Rf5 17. Bg3 Qf8 18. Bd3 d6 19. Bxf5 exf5 20. Nd3 g5 21. f3 f4 22. Bf2 Qg7 23. Rc1 g4 24. Nxf4 Qh6 25. Nfd5 Nxd5 26. Qxd5+ 1-0

[Event "Hamar CC-ch A"]
[Site "Hamar"]
[Date "2019.02.28"]
[Round "2"]
[White "Tostibakken, Odd N"]
[Black "Slettmoen, Markus"]
[Result "0-1"]
[WhiteElo "1410"]
[BlackElo "1689"]
[PlyCount "54"]
[EventDate "2019.02.21"]
[EventType "swiss"]
[EventRounds "9"]
[EventCountry "NOR"]
[SourceTitle "EXT 2024"]
[Source "ChessBase"]
[SourceDate "2023.10.10"]
[SourceVersion "1"]
[SourceVersionDate "2023.10.10"]
[SourceQuality "1"]

1. e4 e6 2. d4 d5 3. Nc3 Bb4 4. exd5 exd5 5. Nf3 Nf6 6. Be2 Ne4 7. Bd2 Nxc3 8. bxc3 Ba5 9. 0-0 0-0 10. Re1 Bf5 11. Bg5 Qd6 12. Bd3 Be6 13. Bd2 Nd7 14. Ng5 g6 15. Nxe6 fxe6 16. Qg4 e5 17. dxe5 Nxe5 18. Qd4 Rae8 19. Re2 Bb6 20. Qb4 Bc5 21. Qb2 Nxd3 22. Qb5 Rxe2 23. Qxd3 Rfxf2 24. Qh3 Rxg2+ 25. Kf1 Qf4+ 26. Bxf4 Ref2+ 27. Ke1 Rg1+ 0-1

[Event "Hamar op A"]
[Site "Hamar"]
[Date "2018.11.01"]
[Round "5"]
[White "Frydendal, Odd"]
[Black "Tostibakken, Odd N"]
[Result "0-1"]
[WhiteElo "1403"]
[BlackElo "1383"]
[PlyCount "60"]
[EventDate "2018.09.06"]
[EventType "swiss"]
[EventRounds "7"]
[EventCountry "NOR"]
[SourceTitle "EXT 2024"]
[Source "ChessBase"]
[SourceDate "2023.10.10"]
[SourceVersion "1"]
[SourceVersionDate "2023.10.10"]
[SourceQuality "1"]

1. b4 d5 2. Bb2 Nf6 3. e3 Bf5 4. Nf3 e6 5. b5 c5 6. c4 Be7 7. a4 0-0 8. Be2 dxc4 9. Bxc4 Nd5 10. a5 Nb4 11. 0-0 Bf6 12. Bxf6 Qxf6 13. Na3 b6 14. a6 Nd7 15. d3 Rad8 16. Qb3 Ne5 17. Nxe5 Qxe5 18. d4 Qc7 19. Rfc1 Rc8 20. f3 Rfd8 21. e4 Bg6 22. g3 Rxd4 23. Nc2 Nxc2 24. Qxc2 Rcd8 25. Rd1 Qd6 26. Be2 f6 27. Qb3 c4 28. Qc3 Qc5 29. Kf1 Bf7 30. f4 e5 0-1

[Event "Hamar op A"]
[Site "Hamar"]
[Date "2018.10.18"]
[Round "4"]
[White "Tostibakken, Odd N"]
[Black "Flermoen, Markus"]
[Result "1-0"]
[WhiteElo "1383"]
[BlackElo "1704"]
[PlyCount "79"]
[EventDate "2018.09.06"]
[EventType "swiss"]
[EventRounds "7"]
[EventCountry "NOR"]
[SourceTitle "EXT 2024"]
[Source "ChessBase"]
[SourceDate "2023.10.10"]
[SourceVersion "1"]
[SourceVersionDate "2023.10.10"]
[SourceQuality "1"]

1. e4 e5 2. Nf3 Nf6 3. Nxe5 d6 4. Nf3 Nxe4 5. Qe2 Qe7 6. d3 Nf6 7. Bg5 Qxe2+ 8. Bxe2 Be7 9. 0-0 0-0 10. Nc3 Re8 11. Rfe1 Nbd7 12. Nb5 Bd8 13. c4 a6 14. Nc3 b6 15. d4 Bb7 16. d5 Nh5 17. Be3 Bf6 18. Nd4 Bxd4 19. Bxd4 Nf4 20. Bg4 Ne5 21. Bxe5 Rxe5 22. Rxe5 dxe5 23. Rd1 Rd8 24. h4 b5 25. b3 c6 26. d6 b4 27. Ne4 g6 28. Nc5 Bc8 29. Bxc8 Rxc8 30. d7 Rd8 31. Nb7 Ne6 32. Nxd8 Nxd8 33. g4 f6 34. Re1 Kf7 35. f4 Ke6 36. fxe5 fxe5 37. Rd1 Ke7 38. Kf2 Nf7 39. Kf3 Nd6 40. Rxd6 1-0

[Event "Hamar CC-ch A"]
[Site "Hamar"]
[Date "2018.04.19"]
[Round "8"]
[White "Bjornstad, Niklas Eriksen"]
[Black "Tostibakken, Odd N"]
[Result "1-0"]
[WhiteElo "1464"]
[BlackElo "1384"]
[PlyCount "101"]
[EventDate "2018.01.04"]
[EventType "swiss"]
[EventRounds "9"]
[EventCountry "NOR"]
[SourceTitle "EXT 2024"]
[Source "ChessBase"]
[SourceDate "2023.10.10"]
[SourceVersion "1"]
[SourceVersionDate "2023.10.10"]
[SourceQuality "1"]

1. d4 d5 2. c4 e6 3. Nc3 Nf6 4. Nf3 Be7 5. Bf4 Bd7 6. e3 0-0 7. h3 c5 8. Qb3 b6 9. cxd5 exd5 10. Nxd5 Be6 11. Nxe7+ Qxe7 12. Bc4 Bxc4 13. Qxc4 Nbd7 14. 0-0 Rac8 15. d5 Ne4 16. Rad1 Nd6 17. Bxd6 Qxd6 18. e4 Rfe8 19. Nd2 Ne5 20. Qc3 b5 21. f4 Ng6 22. Qf3 c4 23. e5 Qc5+ 24. Kh1 Nh4 25. Qf2 Nf5 26. Ne4 Qxf2 27. Rxf2 b4 28. g4 Ne3 29. Re1 Nxd5 30. Nd6 c3 31. Nxe8 Rxe8 32. Rd1 Ne3 33. Rc1 cxb2 34. Rxb2 Nd5 35. f5 Nf4 36. Rbc2 h6 37. Rc8 Kf8 38. Rxe8+ Kxe8 39. Kh2 Kd7 40. Rc4 Nd5 41. Kg3 a5 42. Rc5 Nc3 43. Rxa5 Kc6 44. Kf4 Kb6 45. Ra8 Kc5 46. h4 Kd4 47. Rd8+ Kc5 48. e6 fxe6 49. fxe6 Kc6 50. e7 Nd5+ 51. Rxd5 1-0

[Event "Hamar CC-ch A"]
[Site "Hamar"]
[Date "2018.04.05"]
[Round "7"]
[White "Tostibakken, Odd N"]
[Black "Brobakken, Vidar"]
[Result "1-0"]
[WhiteElo "1384"]
[BlackElo "1351"]
[PlyCount "83"]
[EventDate "2018.01.04"]
[EventType "swiss"]
[EventRounds "9"]
[EventCountry "NOR"]
[SourceTitle "EXT 2024"]
[Source "ChessBase"]
[SourceDate "2023.10.10"]
[SourceVersion "1"]
[SourceVersionDate "2023.10.10"]
[SourceQuality "1"]

1. e4 e6 2. d4 d5 3. Nc3 Nf6 4. Bd3 Bb4 5. Bg5 dxe4 6. Bxe4 h6 7. Bxf6 Qxf6 8. Nge2 Nd7 9. 0-0 c6 10. a3 Bd6 11. Ng3 Qh4 12. Nce2 Nf6 13. Qd3 Bd7 14. c4 0-0 15. Rad1 Rfe8 16. Nc3 Rad8 17. Rfe1 Bc7 18. Qf3 Nxe4 19. Rxe4 Qe7 20. Nh5 f5 21. Re3 Qg5 22. Ng3 Qg6 23. Nce2 e5 24. dxe5 Be6 25. Rxd8 Rxd8 26. Nf4 Qf7 27. Nxe6 Qxe6 28. h3 g6 29. b3 Rd4 30. Ne2 Rd1+ 31. Kh2 Bb6 32. Nf4 Qe8 33. Qxd1 Bxe3 34. fxe3 Qxe5 35. Qd4 Qc7 36. g3 Qa5 37. Nxg6 Kf7 38. Ne5+ Kg8 39. Nf3 Qc7 40. Qf4 Qa5 41. Nd4 Kf7 42. Qxf5+ 1-0

[Event "Hamar CC-ch A"]
[Site "Hamar"]
[Date "2018.02.15"]
[Round "4"]
[White "Tostibakken, Odd N"]
[Black "Bjortomt, Erling"]
[Result "1/2-1/2"]
[WhiteElo "1384"]
[BlackElo "1503"]
[PlyCount "97"]
[EventDate "2018.01.04"]
[EventType "swiss"]
[EventRounds "9"]
[EventCountry "NOR"]
[SourceTitle "EXT 2024"]
[Source "ChessBase"]
[SourceDate "2023.10.10"]
[SourceVersion "1"]
[SourceVersionDate "2023.10.10"]
[SourceQuality "1"]

1. e4 c5 2. c3 e6 3. d4 cxd4 4. cxd4 Nf6 5. Nc3 a6 6. Nf3 d6 7. Bd3 Nc6 8. 0-0 Be7 9. Re1 0-0 10. b3 d5 11. e5 Nd7 12. a3 f6 13. exf6 Nxf6 14. Qc2 Kh8 15. Bb2 Qd6 16. h3 Bd7 17. Re2 Rae8 18. Rae1 Bd8 19. Na4 Bc7 20. Ne5 Bc8 21. Nc5 b6 22. Nxa6 Bxa6 23. Bxa6 Ne7 24. Bb5 Rc8 25. Qd3 Ng6 26. Qg3 Ne4 27. Nxg6+ hxg6 28. Qxd6 Bxd6 29. Bd3 Rf4 30. Bxe4 dxe4 31. Rxe4 Rxe4 32. Rxe4 Rc2 33. Rxe6 Bf4 34. g3 Bd2 35. Rxb6 Rxb2 36. Rxg6 Be1 37. f4 Bf2+ 38. Kf1 Bxd4 39. g4 Rxb3 40. Rd6 Bc5 41. Rc6 Bxa3 42. Kg2 Kh7 43. f5 Be7 44. Re6 Bh4 45. Rc6 Rg3+ 46. Kh2 Rf3 47. Ra6 Bf6 48. Kg2 Rb3 49. Re6 1/2-1/2

[Event "Hamar op B"]
[Site "Hamar"]
[Date "2017.12.07"]
[Round "7"]
[White "Tostibakken, Odd N"]
[Black "Rohne, Jorgen"]
[Result "1-0"]
[WhiteElo "1380"]
[BlackElo "1279"]
[PlyCount "169"]
[EventDate "2017.09.07"]
[EventType "swiss"]
[EventRounds "7"]
[EventCountry "NOR"]
[SourceTitle "EXT 2024"]
[Source "ChessBase"]
[SourceDate "2023.10.10"]
[SourceVersion "1"]
[SourceVersionDate "2023.10.10"]
[SourceQuality "1"]

1. e4 c5 2. c3 d6 3. d4 cxd4 4. cxd4 g6 5. Nf3 Bg7 6. Be2 e6 7. 0-0 Bd7 8. Be3 Ne7 9. Nc3 0-0 10. Rc1 a6 11. a4 Nec6 12. d5 Ne5 13. Qb3 Nxf3+ 14. Bxf3 b5 15. axb5 Bxc3 16. Rxc3 Bxb5 17. Rfc1 e5 18. Bg4 Nd7 19. Bh6 Re8 20. Rc7 f6 21. Be6+ Kh8 22. Qb4 Qe7 23. Rb7 Rac8 24. Rcc7 Rxc7 25. Rxc7 Qd8 26. Qxd6 Re7 27. Bxd7 Rxd7 28. Rxd7 Bxd7 29. Qxa6 Kg8 30. Be3 Kf7 31. Qb6 Qxb6 32. Bxb6 Ke7 33. Bc7 Bb5 34. f3 h5 35. Kf2 g5 36. g3 Bd7 37. b4 Bb5 38. h4 gxh4 39. gxh4 Kd7 40. Bb6 Bc4 41. Ke3 Bb5 42. f4 Ke7 43. fxe5 fxe5 44. Bc7 Kf6 45. Kd2 Ba6 46. d6 Ke6 47. d7 Kxd7 48. Bxe5 Ke6 49. Bf4 Bb5 50. Kc3 Kd7 51. Kd4 Kc6 52. Ke5 Bd3 53. Kd4 Be2 54. e5 Bg4 55. Bg5 Be6 56. Ke4 Kb5 57. Be7 Kc4 58. Kf4 Kd5 59. Bd6 Kc6 60. Kg5 Bg4 61. Kf6 Kd7 62. b5 Be2 63. b6 Bf3 64. Bc7 Bg4 65. Kg5 Bf3 66. Kf5 Bg4+ 67. Ke4 Be6 68. Kd4 Kc6 69. Bd8 Bg4 70. Ke4 Be6 71. Kf4 Bg4 72. Kg5 Bf3 73. e6 Kd6 74. e7 Kd7 75. Kf6 Ke8 76. Kg7 Bd5 77. Kh6 Bf3 78. b7 Bxb7 79. Kxh5 Kf7 80. Kh6 Be4 81. Kg5 Bc6 82. h5 Be8 83. Kh6 Kf6 84. Kh7 Bxh5 85. e8Q+ 1-0

[Event "Hamar op B"]
[Site "Hamar"]
[Date "2017.10.19"]
[Round "4"]
[White "Madagov, Ibragim"]
[Black "Tostibakken, Odd N"]
[Result "1-0"]
[WhiteElo "1351"]
[BlackElo "1380"]
[PlyCount "65"]
[EventDate "2017.09.07"]
[EventType "swiss"]
[EventRounds "7"]
[EventCountry "NOR"]
[SourceTitle "EXT 2024"]
[Source "ChessBase"]
[SourceDate "2023.10.10"]
[SourceVersion "1"]
[SourceVersionDate "2023.10.10"]
[SourceQuality "1"]

1. e4 d5 2. exd5 Nf6 3. Bb5+ Bd7 4. Be2 Nxd5 5. d4 e6 6. c4 Nf6 7. Nf3 c5 8. Nc3 cxd4 9. Nxd4 Nc6 10. 0-0 Bc5 11. Be3 Nxd4 12. Bxd4 Bxd4 13. Qxd4 0-0 14. Rad1 Bc6 15. Qe3 Qc7 16. Rd2 b6 17. Rfd1 Rfd8 18. Bf3 Bxf3 19. Qxf3 a6 20. Qg3 Qe7 21. Rd6 Rxd6 22. Rxd6 Nd7 23. Ne4 h6 24. Rxd7 Qb4 25. Qc3 Qa4 26. Rd3 Qxa2 27. h3 Rc8 28. Rg3 g5 29. Nxg5 Kf8 30. Qh8+ Ke7 31. Qxc8 hxg5 32. Qc7+ Kf8 33. Qd8+ 1-0

[Event "Hamar CC-ch B"]
[Site "Hamar"]
[Date "2017.04.20"]
[Round "8"]
[White "Rohne, Jorgen"]
[Black "Tostibakken, Odd N"]
[Result "0-1"]
[WhiteElo "1080"]
[BlackElo "1119"]
[PlyCount "110"]
[EventDate "2017.01.05"]
[EventType "swiss"]
[EventRounds "9"]
[EventCountry "NOR"]
[SourceTitle "EXT 2024"]
[Source "ChessBase"]
[SourceDate "2023.10.10"]
[SourceVersion "1"]
[SourceVersionDate "2023.10.10"]
[SourceQuality "1"]

1. e4 d5 2. exd5 Nf6 3. Nc3 Nxd5 4. Nxd5 Qxd5 5. Qf3 e6 6. Bd3 Nc6 7. Qxd5 exd5 8. c3 Bd6 9. Nf3 0-0 10. 0-0 Bg4 11. Be2 Rfe8 12. Bd1 Re6 13. d4 Rae8 14. Bd2 h5 15. h3 Bf5 16. Ng5 R6e7 17. Bxh5 g6 18. Bd1 Nd8 19. Nf3 f6 20. Re1 Be4 21. Be3 Kf7 22. Rc1 Ne6 23. Nd2 Nf4 24. Bxf4 Bxf4 25. Re2 Bd3 26. Rxe7+ Rxe7 27. Bf3 Bxd2 28. Rd1 Re1+ 29. Rxe1 Bxe1 30. Bxd5+ Ke7 31. Bxb7 Bd2 32. Bd5 Bc1 33. Bb3 Bxb2 34. c4 Bxd4 35. g3 Kd6 36. Kg2 Kc5 37. f4 Bxc4 38. Bc2 f5 39. a3 a5 40. g4 Be6 41. Kg3 Bd7 42. gxf5 Bxf5 43. Bb3 Bb2 44. Bd1 Bxa3 45. Kh4 Bc1 46. Kg5 Bxh3 47. Kxg6 Bxf4 48. Kf6 Kb4 49. Bf3 a4 50. Bd5 a3 51. Kg6 c5 52. Kh5 c4 53. Kh4 a2 54. Kxh3 a1Q 55. Kg4 Qe5 0-1

[Event "Hamar CC-ch B"]
[Site "Hamar"]
[Date "2017.02.16"]
[Round "4"]
[White "Tostibakken, Odd N"]
[Black "Hansen, Mats Myhr"]
[Result "1-0"]
[WhiteElo "1119"]
[BlackElo "1129"]
[PlyCount "93"]
[EventDate "2017.01.05"]
[EventType "swiss"]
[EventRounds "9"]
[EventCountry "NOR"]
[SourceTitle "EXT 2024"]
[Source "ChessBase"]
[SourceDate "2023.10.10"]
[SourceVersion "1"]
[SourceVersionDate "2023.10.10"]
[SourceQuality "1"]

1. d4 Nf6 2. c4 g6 3. Nf3 Bg7 4. Nc3 0-0 5. e4 d6 6. Be2 b6 7. 0-0 Bb7 8. d5 c5 9. a4 a5 10. Bf4 e5 11. Bg5 h6 12. Bd2 Na6 13. Bd3 Nb4 14. Be3 Bc8 15. h3 Nh7 16. Nb5 Nxd3 17. Qxd3 f5 18. Bc1 f4 19. b3 Ng5 20. Bd2 Nxh3+ 21. gxh3 Bxh3 22. Rfe1 Qd7 23. Nh2 f3 24. Re3 Bg2 25. Nxf3 Qg4 26. Nh2 Qf4 27. Rf3 Qh4 28. Kxg2 Rxf3 29. Qxf3 Rf8 30. Qg3 Qxe4+ 31. Kg1 Qc2 32. Qe3 e4 33. Nxd6 Bxa1 34. Qxh6 Qd1+ 35. Kg2 Bg7 36. Qg5 Kh7 37. Qh4+ Kg8 38. Qg5 Kh7 39. Be3 Qe2 40. Nxe4 Rf5 41. Qg4 Qb2 42. Nf3 Bh6 43. Bxh6 Kxh6 44. Nh4 Rf6 45. Qg5+ Kg7 46. Qxf6+ Qxf6 47. Nxf6 1-0

[Event "Hamar op B"]
[Site "Hamar"]
[Date "2016.12.01"]
[Round "7"]
[White "Frydendal, Odd"]
[Black "Tostibakken, Odd N"]
[Result "0-1"]
[WhiteElo "1239"]
[BlackElo "1095"]
[PlyCount "42"]
[EventDate "2016.09.01"]
[EventType "swiss"]
[EventRounds "7"]
[EventCountry "NOR"]
[SourceTitle "EXT 2024"]
[Source "ChessBase"]
[SourceDate "2023.10.10"]
[SourceVersion "1"]
[SourceVersionDate "2023.10.10"]
[SourceQuality "1"]

1. e4 d5 2. exd5 Qxd5 3. Nf3 Bg4 4. Be2 Nf6 5. d4 e6 6. 0-0 c5 7. c4 Qd8 8. Be3 Nbd7 9. Nbd2 Be7 10. Rc1 0-0 11. h3 Bh5 12. a3 a5 13. dxc5 Nxc5 14. b4 axb4 15. axb4 Nd3 16. Bxd3 Qxd3 17. c5 Nd5 18. g4 Nxe3 19. Ne5 Qxf1+ 20. Qxf1 Nxf1 21. Rxf1 Bg6 0-1

[Event "Hamar op B"]
[Site "Hamar"]
[Date "2016.09.15"]
[Round "2"]
[White "Mouawad, Jad"]
[Black "Tostibakken, Odd N"]
[Result "0-1"]
[WhiteElo "1213"]
[BlackElo "1095"]
[PlyCount "68"]
[EventDate "2016.09.01"]
[EventType "swiss"]
[EventRounds "7"]
[EventCountry "NOR"]
[SourceTitle "EXT 2024"]
[Source "ChessBase"]
[SourceDate "2023.10.10"]
[SourceVersion "1"]
[SourceVersionDate "2023.10.10"]
[SourceQuality "1"]

1. d4 d5 2. c4 e6 3. Nc3 Nf6 4. Bg5 Be7 5. e3 0-0 6. Nf3 h6 7. Bxf6 Bxf6 8. Bd3 b6 9. b4 c5 10. bxc5 bxc5 11. cxd5 exd5 12. 0-0 Bg4 13. Be2 Nc6 14. Rc1 c4 15. e4 dxe4 16. Nxe4 Re8 17. Nxf6+ Qxf6 18. Rxc4 Rad8 19. d5 Ne5 20. Re4 Nxf3+ 21. gxf3 Bh3 22. Re1 Rxe4 23. Bf1 Rxe1 24. Qxe1 Qg5+ 25. Kh1 Bxf1 26. Qxf1 Qxd5 27. Qe2 Qd1+ 28. Qxd1 Rxd1+ 29. Kg2 Rd2 30. Kg3 Rxa2 31. f4 a5 32. h4 a4 33. Kg4 Rxf2 34. Kg3 Rd2 0-1

[Event "Hamar Ridabu School-ch C"]
[Site "Hamar"]
[Date "2016.01.21"]
[Round "2"]
[White "Tostibakken, Odd N"]
[Black "Rognerud, Sigurd"]
[Result "1-0"]
[WhiteElo "1081"]
[BlackElo "1195"]
[PlyCount "75"]
[EventDate "2016.01.07"]
[EventType "swiss"]
[EventRounds "9"]
[EventCountry "NOR"]
[SourceTitle "EXT 2024"]
[Source "ChessBase"]
[SourceDate "2023.10.10"]
[SourceVersion "1"]
[SourceVersionDate "2023.10.10"]
[SourceQuality "1"]

1. e4 e5 2. Nf3 Nc6 3. Bc4 d6 4. Nc3 a6 5. d3 Be7 6. 0-0 Bg4 7. h3 Bh5 8. Be3 h6 9. a3 Nf6 10. Nd5 b5 11. Nxf6+ Bxf6 12. Bd5 Qd7 13. Rc1 Rb8 14. c4 0-0 15. cxb5 Nd4 16. Bxd4 exd4 17. bxa6 Rb6 18. a7 c6 19. Qa4 Bxf3 20. a8Q Rxa8 21. Qxa8+ Kh7 22. Bxc6 Qe6 23. Bd5 Qe5 24. Bxf7 h5 25. Qg8+ Kh6 26. Qh8+ Kg5 27. gxf3 Kh4 28. f4 g6 29. fxe5 Bxh8 30. e6 Rb5 31. f4 Rxb2 32. Rf2 Rb3 33. e7 Rxd3 34. e8Q Rg3+ 35. Rg2 d3 36. Rxg3 Bd4+ 37. Kg2 d2 38. Qe7+ 1-0

[Event "Hamar Ridabu School-ch C"]
[Site "Hamar"]
[Date "2016.01.07"]
[Round "1"]
[White "Skjerve, Julie"]
[Black "Tostibakken, Odd N"]
[Result "0-1"]
[WhiteElo "553"]
[BlackElo "1081"]
[PlyCount "26"]
[EventDate "2016.01.07"]
[EventType "swiss"]
[EventRounds "9"]
[EventCountry "NOR"]
[SourceTitle "EXT 2024"]
[Source "ChessBase"]
[SourceDate "2023.10.10"]
[SourceVersion "1"]
[SourceVersionDate "2023.10.10"]
[SourceQuality "1"]

1. c4 e5 2. Nc3 Nf6 3. e4 Bb4 4. a3 Bxc3 5. bxc3 0-0 6. Nf3 Nxe4 7. Nxe5 Re8 8. Qh5 Qf6 9. Bd3 Rxe5 10. Qh3 Ng5+ 11. Be2 Nxh3 12. gxh3 Qf3 13. Rg1 Qxe2# 0-1

[Event "Hamar op B"]
[Site "Hamar"]
[Date "2015.12.03"]
[Round "7"]
[White "Tostibakken, Odd N"]
[Black "Orsleie, Sivert Nikolai"]
[Result "0-1"]
[WhiteElo "1105"]
[BlackElo "1286"]
[PlyCount "112"]
[EventDate "2015.09.03"]
[EventType "swiss"]
[EventRounds "7"]
[EventCountry "NOR"]
[SourceTitle "EXT 2024"]
[Source "ChessBase"]
[SourceDate "2023.10.10"]
[SourceVersion "1"]
[SourceVersionDate "2023.10.10"]
[SourceQuality "1"]

1. e4 e5 2. Nf3 Nc6 3. Bc4 Bc5 4. c3 Nf6 5. d4 exd4 6. cxd4 Bb4+ 7. Bd2 0-0 8. d5 Bxd2+ 9. Nbxd2 Na5 10. e5 Re8 11. 0-0 Ng4 12. Re1 d6 13. b4 Nxc4 14. Nxc4 dxe5 15. Ncxe5 Qf6 16. Qd4 Bf5 17. Rac1 Rac8 18. Qf4 Nxe5 19. Nxe5 g6 20. g4 Qh4 21. Rc4 f6 22. Nf3 Rxe1+ 23. Nxe1 Bd7 24. a3 Qh3 25. f3 Bb5 26. d6 Bxc4 27. Qxc4+ Kf8 28. d7 Rd8 29. Qc5+ Kf7 30. Qxc7 Ke7 31. Qxb7 Rxd7 32. Qe4+ Kf8 33. Qa8+ Kf7 34. Qc8 Re7 35. Qc4+ Kg7 36. Qf1 Qxf1+ 37. Kxf1 Re3 38. a4 Ra3 39. a5 Rb3 40. Nc2 Rb2 41. Nd4 Rxb4 42. Nc6 Ra4 43. Nxa7 Rxa5 44. Nc6 Rc5 45. Nd4 Kf7 46. Kg2 Rc4 47. Nb5 Ke6 48. Kg3 Ke5 49. h3 h6 50. h4 g5 51. hxg5 hxg5 52. Kf2 Kf4 53. Ke2 Kg3 54. Ke3 Rf4 55. Nd4 Rxd4 56. Kxd4 Kxf3 0-1